Here and now : (Record no. 90107)

MARC details
000 -LEADER
fixed length control field 00586nam a22001817a 4500
005 - DATE AND TIME OF LATEST TRANSACTION
control field 20141128110202.0
010 ## - LCCN (DPL NO)
LC control number ENG-111259
020 ## - INTERNATIONAL STANDARD BOOK NUMBER
International Standard Book Number 9789350690727
Terms of availability 60.00
035 ## - SYSTEM CONTROL NUMBER
System control number EN-94791
037 ## - SOURCE OF ACQUISITION
Source of stock number/acquisition DBAD/PUB
082 ## - DEWEY DECIMAL CLASSIFICATION NUMBER
Classification number 230.35
100 ## - MAIN ENTRY--PERSONAL NAME
Personal name Kamaraju, Anil Kumar
245 ## - TITLE STATEMENT
Title Here and now :
Statement of responsibility, etc by Anil Kumar Kamaraju
Remainder of title talks given between May 2012 and December 2012 /
260 ## - PUBLICATION, DISTRIBUTION, ETC. (IMPRINT)
Place of publication, distribution, etc Prasanthi Nilayam
Name of publisher, distributor, etc Sri Sathya Sai Sadhana Trust
Date of publication, distribution, etc 2014
270 ## - ADDRESS
Address Anantapur District
City Prasanthi Nilayam
Postal code 515134
300 ## - PHYSICAL DESCRIPTION
Extent 271p.
Dimensions 22cm(pbk)
942 ## - ADDED ENTRY ELEMENTS (KOHA)
Source of classification or shelving scheme Dewey Decimal Classification
Item type English Books
Call number suffix KAM
Classification part 230.35
Holdings
Withdrawn status Lost status Not for loan Collection code Home library Current library Date acquired Source of acquisition Cost, normal purchase price Full call number Barcode Copy number Cost, replacement price Koha item type
      Non-fiction D.B.Act.Division D.B.Act.Division 18/11/2014 DBAD/PUB 60.00 230.35 KAM EN-94791 1 60.00 English Books

© Delhi Public Library
Hit Counter
free hit counter